000 00464nam a2200181Ia 4500
003 GCL
008 140319s9999 xx 000 0 eng d
040 _aGCL /
_cGCL
082 0 4 _a780.9
_bW O
100 1 _aWOLD, MILO
245 1 0 _aAN OUTLINE HISTORY OF WESTERN MUSIC /
_cWOLD, MILO
260 _a[S.N] :
_bWCB BROWN & BENCHANARK ،
_c1994
300 _a301 P P
650 0 4 _aMUSIC
650 0 4 _aWESTERN MUSIC
650 0 4 _aMUSIC - HISTORY
942 _2ddc
_cBK
999 _c11914
_d11914